[Event "Grenke Chess Classic 4th"]
[Site "Karlsruhe/Baden-Baden"]
[Date "2017.04.16"]
[Round "2"]
[White "Meier, Georg"]
[Black "Hou, Yifan"]
[Result "0-1"]
[WhiteElo "2621"]
[BlackElo "2649"]
[Annotator "Roiz,M"]
[PlyCount "68"]
[EventDate "2017.04.15"]
[EventType "tourn"]
[EventRounds "7"]
[EventCountry "GER"]
[EventCategory "20"]
[SourceTitle "CBM 178"]
[Source "ChessBase"]
[SourceDate "2017.05.14"]
[SourceVersion "1"]
[SourceVersionDate "2017.05.14"]
[SourceQuality "1"]

1. d4 Nf6 2. c4 e6 3. g3 d5 4. Bg2 Bb4+ 5. Nd2 O-O 6. Ngf3 b6 7. O-O Bb7 8. b3
Nbd7 9. Bb2 Qe7 ({In the following encounter between Chinese players Black
successfully solved the problems after} 9... Re8 10. Rc1 Rc8 11. a3 (11. Ne5 $5
{looks more challenging.}) 11... Bf8 12. Ne5 c5 13. Nxd7 Nxd7 14. dxc5 bxc5
$132 {1/2 (31) Wei Yi (2700)-Yu Yangyi (2738) China CHN 2016}) (9... Be7 10.
Rc1 c5 11. e3 Rc8 12. Qe2 Qc7 13. cxd5 exd5 14. Ne5 $14 {Ksieski,Z (2365)
-Dautov,R (2535) Warsaw 1989, was somewhat passive for Black.}) 10. Ne5 $146 ({
In the preceding game White didn't manage to claim any superiority:} 10. Qc2
Rac8 11. e3 Ba3 12. cxd5 Bxb2 13. Qxb2 Bxd5 $11 {Fedoseev,V (2668)-Dragun,K 
(2518) Warsaw 2014}) ({Deserves a serious attention} 10. a3 $5 {is worthy of
serious attention:} Bd6 11. Ne5 Ne4 12. b4 $14 {gaining some more space.})
10... Rfd8 11. Nd3 Bd6 12. e3 {This move is mainly aimed fat making the
e2-spot vacant for the queen.} (12. Re1 c5 13. cxd5 exd5 14. e3 Rac8 15. Rc1
Ne4 $132) 12... Rab8 {Protecting the bishop wasn't a necessary measure.} (12...
c5 $5 {was quite possible:} 13. cxd5 exd5 14. dxc5 bxc5 15. Rc1 Rac8 $132) 13.
Rc1 Ne4 14. cxd5 {It makes sense to clarify the pawn structure - the pressure
on the Pd5 is starting to tell.} (14. Qc2 Nxd2 15. Qxd2 dxc4 16. Bxb7 Rxb7 17.
Rxc4 c5 $11) 14... exd5 15. Re1 $1 {An excellent prophylactic move - there is
no reason to touch the Nd2 for a while.} (15. Nf3 c5 16. Nfe5 Nf8 17. Nf4 Rbc8
$132) 15... c5 (15... f5 16. Nf3 c6 17. Nfe5 $14) 16. dxc5 bxc5 17. Qc2 $14 {
Protecting the hanging pawns isn't an easy task, so White's position is better.
} Rbc8 18. Nf4 (18. Nxe4 $5 {also deserved some attention:} dxe4 19. Nf4 Ne5
20. Bxe4 Nf3+ 21. Bxf3 Bxf3 22. Qf5 Qe4 23. Qxe4 Bxe4 $14 {, but Georg
sensibly doesn't force matters.}) 18... Nef6 $2 {As a result, Black doesn't
withstand the pressure. Hou Yifan is unlocking the long diagonal and inviting
fresh troubles.} ({Much better was} 18... Ndf6 19. Nxe4 Nxe4 20. Rcd1 Bc7 $14 {
with a passive, but solid position.}) 19. Nc4 $1 Bc7 20. Red1 {Now the
pressure on the hanging pawns is so big, that Black has to exchange the
powerful dark-squared bishop.} Bxf4 21. exf4 $1 {Opening-up the e-file causes
Black even more problems.} Ba8 22. Ne3 Qe6 23. Nf5 $6 {A tempting move - the
pressure along the long diagonal is extremely strong. However, this is a
mistake!} ({A much better move was} 23. Re1 $1 Re8 24. b4 $1 d4 25. Nf1 $1 {
, and Black cannot avoid a loss of material:} Qxe1 (25... Qa6 26. Rxe8+ Nxe8
27. Bxa8 d3 28. Qb3 Rxa8 29. bxc5 $18) 26. Rxe1 Rxe1 27. Bxa8 Rxa8 28. bxc5 d3
29. Qxd3 Nxc5 30. Qc3 $18) 23... Re8 $2 {Now Georg's idea could have been
justified!} (23... g6 $1 {looks terrible for a human eye, but the consequences
of this move are not that bad:} 24. Nh6+ Kg7 25. f5 Qd6 26. Ng4 d4 27. Bxa8
Nxg4 28. Bg2 Qb6 $14 {White is somewhat better due to powerful bishops, but
not more.}) 24. h3 $2 {This a critical point point of the game. White is
playing too slowly!} ({Much more in the spirit of Georg's previous play would
be} 24. b4 $1 g6 25. Nh4 c4 26. f5 Qe7 27. fxg6 hxg6 28. Qc3 $16 {getting full
control over the dark squares.}) 24... d4 {Of course, Hou Yifan is happy to
lock such a monster!} 25. Bxa8 Rxa8 26. b4 Rac8 $2 {The position is very
complex, so that's why both players are committing mistakes.} ({Black has to
play} 26... Rab8 $1 27. bxc5 d3 28. Qxd3 Rxb2 29. c6 Nb6 30. c7 Qxa2 31. c8=Q
Nxc8 32. Rxc8 Rxf2 33. Rxe8+ Nxe8 34. Qe4 {, and the game should end in a draw
soon.}) 27. Qb1 $2 {Missing another chance of seizing the initiative!} ({After
} 27. Re1 $1 Qxe1+ 28. Rxe1 Rxe1+ 29. Kg2 {Black would suffer from a lack of
harmony and lose an important panw:} Rce8 30. Nd6 Rb8 (30... R8e2 31. Qb3 $18)
31. Ba3 cxb4 32. Bb2 $1 Nd5 33. Bxd4 $16) 27... Ne4 $1 {Now Black is firmly in
control!} 28. g4 g6 29. Nh4 $2 {Alas, Georg doesn't withstand the pressure and
lose as without much resistance.} ({He had to play} 29. Nh6+ Kf8 ({Weaker is} 
29... Kg7 {is wekawe.} 30. bxc5 Kxh6 31. Bxd4 Nexc5 32. Qb4 $1 {The
vulnerablity of} Qe4 33. Rxc5 Rxc5 (33... Nxc5 34. Qc3 $18) 34. Bxc5 Nxc5 35.
Qxc5 $11) 30. Re1 Qd5 31. Rcd1 {Now White is ready to liberate the poor minor
pieces, so Black has to play very precisely:} Rb8 32. bxc5 Ndxc5 33. Qa1 (33.
Rxd4 Qb7 34. f3 Nc3 35. Bxc3 Qxb1 36. Rxb1 Rxb1+ 37. Kg2 Rc1 $17) 33... Nxf2 $1
34. Bxd4 Rxe1+ 35. Rxe1 Qh1+ 36. Kxf2 Nd3+ 37. Ke2 Nxf4+ 38. Ke3 Qxe1+ 39. Qxe1
Ng2+ 40. Kf2 Nxe1 41. Kxe1 $15 {The resulting endgame is very unpleasant, but
the limited material balance offers White some drawing chances.}) 29... Nxf2 $1
{Getting an access to White's king.} 30. Kxf2 Qe2+ 31. Kg1 Re3 $19 {White is
helpless. The few next moves were just an agony.} 32. Qc2 Rg3+ 33. Kh1 Rxh3+
34. Kg1 Qe3+ 0-1

[Event "EU-Cup 34th"]
[Site "Porto Carras"]
[Date "2018.10.16"]
[Round "5.3"]
[White "Vidit, Santosh Gujrathi"]
[Black "Roiz, Michael"]
[Result "1-0"]
[WhiteElo "2711"]
[BlackElo "2607"]
[Annotator "Roiz,M"]
[PlyCount "47"]
[EventDate "2018.10.12"]
[EventType "team-swiss"]
[EventRounds "7"]
[EventCountry "GRE"]
[SourceTitle "CBM 187"]
[Source "ChessBase"]
[SourceDate "2018.12.11"]
[SourceVersion "1"]
[SourceVersionDate "2018.12.11"]
[SourceQuality "1"]
[WhiteTeam "Novy Bor"]
[BlackTeam "Beer Sheva"]
[WhiteTeamCountry "CZE"]
[BlackTeamCountry "ISR"]

1. d4 {My opponent has a rich opening repertoire and usually comes up with
various fresh ideas. This time I decided to employ a line which had never
occurred in my practice before.} Nf6 2. c4 e6 3. Nf3 b6 4. g3 Bb7 5. Bg2 Bb4+
6. Bd2 Be7 (6... a5 {is what I previously played in this position.}) 7. O-O O-O
8. Nc3 c6 9. Bf4 d5 10. Qd3 $5 {I analyzed this interesting continuation long
time ago, but during the game didn't manage to refresh anything in my memory.
Obviously, White's main idea is pushing e2-e4 at some point.} Na6 $6 {Quite a
risky decision - the knight is located rather awkwardly.} ({The more natural} 
10... Nbd7 11. Rfd1 ({For some reasons, nobody tried} 11. e4 $5 dxc4 12. Qxc4
b5 13. Qb3 b4 14. e5 {, though it looks promising.}) 11... Ba6 12. b3 dxc4 13.
bxc4 Nd5 14. a3 (14. Rac1 $5 Nxf4 15. gxf4 Qc7 16. e3 {also might be an
improvement.}) 14... Nxf4 15. gxf4 Qc7 16. e3 Rfd8 $132 {led to double-edged
play in Anton Guijarro,D - Narayanan,S Sharjah 2017}) 11. a3 dxc4 12. Qxc4 Nd5
$146 {This innovation definitely doesn't make Black's position look more
attractive. Somehow, I was hoping to slowly neutralize the pressure along
h1-a8 diagonal, but this isn't realistic.} ({The only preceding game saw} 12...
c5 13. Ne5 ({It looks like after} 13. Rfd1 $1 Qc8 14. Rac1 {Black is under
strong pressure - the misplaced Na6 causes serious problems.}) 13... Bxg2 14.
Kxg2 cxd4 15. Nc6 Qd7 16. Nxe7+ Qxe7 17. Qxd4 Rfd8 {Black was fine in
Jumabayev,R -Tiviakov,S Tashkent 2010}) 13. Ne5 Rc8 14. Rfd1 {In general, this
pawn structure is acceptable for Black in case the knight can be placed on d5.
Alas, this time it cannot get there.} Nb8 $6 {This inaccurate move invites
fresh troubles.} ({Correct was} 14... Qe8 15. Rac1 Nxf4 16. gxf4 Kh8 17. e3 f6
18. Nd3 Nc7 {Black is clearly worse, but it is still playable.}) 15. Qa4 $1
Nxf4 $2 {Surprisingly, this is already a decisive mistake!} ({Admitting the
mistake by means of} 15... Na6 {wouldn't change much, since after} 16. Rac1 b5
17. Qb3 Nxf4 18. gxf4 {White's position is practically winning.}) ({The lesser
evil was} 15... a5 16. Qb3 Nd7 17. Rac1 $16) 16. gxf4 a5 17. Qb3 {All White's
moves are very natural and strong. This time he provokes another weakening
advance.} b5 18. Rac1 Rc7 19. Ne4 Na6 ({Equally bad was} 19... Nd7 20. Nc5 Nxe5
21. dxe5 Qa8 {, and now White can even afford} 22. Rd6 $5 {, reaching full
domination.}) 20. Nc5 Nxc5 21. dxc5 Qa8 22. Be4 {Black's position looks so
depressing that the rest does not have too much value for chess.} g6 23. Qg3
Rd8 ({More stubborn was} 23... Qc8 24. b4 axb4 25. axb4 Rd8 26. h4 {, but also
then the king would be helpless.}) 24. f5 {Alas, this game can be considered
as a typical opening disaster.} (24. f5 exf5 25. Nxg6 hxg6 26. Qxc7 $18) 1-0

[Event "GBR-ch 102nd"]
[Site "Coventry"]
[Date "2015.07.30"]
[Round "4"]
[White "Williams, Simon Kim"]
[Black "Howell, David"]
[Result "0-1"]
[WhiteElo "2426"]
[BlackElo "2698"]
[Annotator "Sagar Shah"]
[PlyCount "54"]
[EventDate "2015.07.27"]
[EventType "swiss"]
[EventRounds "11"]
[EventCountry "ENG"]
[SourceTitle "CBM 167 Extra"]
[Source "ChessBase"]
[SourceDate "2015.09.14"]
[SourceVersion "1"]
[SourceVersionDate "2015.09.14"]
[SourceQuality "1"]

1. d4 Nf6 2. c4 e6 3. Nf3 Bb4+ 4. Nbd2 b6 5. g3 Bb7 6. Bg2 O-O 7. O-O a5 8. Nb1
{is a rarely played move but has been played by strong players like Sergey
Kasparov, Thejkumar, Perunovic and Ushenina.} (8. Qc2 {is the normal move and
White has pretty decent results.}) 8... Be7 9. Re1 (9. Nc3 {would have been
the normal way to continue.}) 9... Qc8 {The position is a normal one and
majority of the players would choose moves like Nc3 or Bf4. But not Simon! He
goes all out!} 10. d5 $5 exd5 11. cxd5 Bxd5 12. e4 $1 {When you have said 'A'
you must say 'B'.} Bxe4 {Howell takes up the challenge and picks up the second
pawn. But now he has a bishop on e7 that is hanging and White can create some
dangerous threats.} (12... Bb7 {was the safer choice.}) 13. Rxe4 $6 (13. Nc3 $1
{was the normal developing move.} d5 14. Nxe4 dxe4 15. Ng5 Na6 16. Nxe4 $14 {
And here White has excellent compensation for the missing pawn. He has the two
powerful bishops and the one on g2 is extremely strong.}) 13... Nxe4 14. Qd5 {
That was White's point. A double attack on a8 and e4.} Nxg3 $1 {You can bank
on Howell to find the best continuation in this complicated position.} 15. hxg3
(15. Qxa8 $2 Ne2+ 16. Kf1 Nxc1 $17) 15... c6 16. Qh5 d5 {Black has three pawns
and a rook for White's two minor pieces. That's quite a bit of material.
White's only hope is to put these minor pieces to good use in the middlegame
and launch an attack.} 17. Bh3 Qb7 18. Bf5 $6 (18. Nc3 {A normal developing
move like Nc3 is not in the spirit of the position if you are Simon Williams.})
18... g6 19. Qh6 Re8 (19... gxf5 $2 20. Ng5 Bxg5 21. Qxg5+ Kh8 22. Qf6+ Kg8 23.
Bh6 {with a forced mate.}) 20. Ng5 $2 (20. Bc2 {would have kept White in the
game but Black is in the driver's seat after} Bf8 21. Qh4 Bg7 $17 {with a rock
solid kingside.}) 20... Bxg5 $1 21. Bxg5 f6 $1 {A very strong defensive idea
clearing the second rank for the black queen to join in the defence.} 22. Bxg6
(22. Bxf6 Qf7 $1 $19 {was the neat point.} (22... gxf5 $2 23. Qg5+ Kf8 24. Qh6+
Kg8 $11)) 22... Re1+ $1 23. Kg2 fxg5 24. Nd2 $5 {In any case White is lost.
Why not throw some more wood into the fire?} (24. Bf5 Qg7 25. Qh5 Na6 $19 {
Black has co-ordinated himself and the game is over.}) 24... Rxa1 25. Bf5 Na6
26. Nf3 Qg7 27. Qxc6 Rf8 {An attempt at creating a brilliance which misfired.}
0-1

[Event "Solin 7th"]
[Site "Solin"]
[Date "1999.12.18"]
[Round "9"]
[White "Tkachiev, Vladislav"]
[Black "Nikolac, Juraj"]
[Result "1-0"]
[WhiteElo "2648"]
[BlackElo "2475"]
[Annotator "Schluricke,R"]
[PlyCount "105"]
[EventDate "1999.12.10"]
[EventType "tourn"]
[EventRounds "9"]
[EventCountry "CRO"]
[EventCategory "13"]
[SourceTitle "CBM 075"]
[Source "ChessBase"]
[SourceDate "2000.04.05"]
[SourceVersion "1"]
[SourceVersionDate "2000.04.05"]
[SourceQuality "1"]

1. Nf3 Nf6 2. c4 e6 3. g3 b6 4. Bg2 Bb7 5. d4 Bb4+ 6. Bd2 c5 7. Bxb4 cxb4 8.
O-O O-O 9. Qb3 a5 10. a3 Na6 11. Nbd2 d6 12. Ne1 Bxg2 13. Kxg2 e5 14. Nc2 bxa3
15. bxa3 Re8 16. Rab1 Rb8 17. e4 Nc7 18. Qd3 Ne6 19. Rfe1 Qd7 20. f3 h5 21. h4
Qe7 22. Nf1 Nd7 23. Qd2 exd4 24. Nxd4 Ne5 25. Nf5 Qf6 26. N1e3 Nc5 27. Qxd6
Qxd6 28. Nxd6 Red8 29. Red1 Na4 30. Nb5 Kf8 31. Rd5 f6 32. Rbd1 Rdc8 33. R1d4
Nc5 34. Rd2 Nb3 35. Rc2 a4 36. f4 Ng4 37. Nxg4 hxg4 38. e5 Rc6 39. Re2 Re8 40.
Nd6 Re6 41. Nf5 fxe5 42. fxe5 g6 43. Rd8+ Kf7 44. Nd6+ Ke7 45. Rh8 Nd4 46. Rh7+
Kd8 (46... Kf8 $142) 47. Rf2 Nf3 48. Nf7+ Kc8 49. Rh8+ Kc7 50. Nd8 Rxe5 51.
Nxc6 Kxc6 52. Rc8+ Kb7 53. Rg8 (53. Rg8 Re1 (53... Re6 54. Rb2 Kc7 55. Ra8 $18)
54. Rb2 $18) 1-0

[Event "Interzonal-15"]
[Site "Manila"]
[Date "1990.??.??"]
[Round "13"]
[White "Agdestein, Simen"]
[Black "Sokolov, Andrei"]
[Result "1/2-1/2"]
[WhiteElo "2600"]
[BlackElo "2570"]
[Annotator "Schussler,H"]
[PlyCount "63"]
[EventDate "1990.06.29"]
[EventType "swiss"]
[EventRounds "13"]
[EventCountry "PHI"]
[SourceTitle "CBM 019"]
[Source "ChessBase"]
[SourceDate "1990.12.01"]
[SourceVersion "1"]
[SourceVersionDate "1990.12.01"]
[SourceQuality "1"]

1. d4 Nf6 2. c4 e6 3. Nf3 b6 4. g3 Ba6 5. Nbd2 Bb7 6. Bg2 Be7 7. O-O O-O 8. b3
a5 9. Bb2 d5 (9... a4 $5) 10. cxd5 exd5 11. Rc1 Na6 12. Ne5 c5 13. Ndc4 a4 (
13... Nb4 14. a3 Nc6 15. Nxc6 Bxc6 16. dxc5 bxc5 17. Bxf6 Bxf6 18. Ne3 $16) 14.
Ne3 (14. bxa4 Ne4 15. Ne3 Nb4 16. a3 Nc6 $13) 14... axb3 15. axb3 Nb4 16. dxc5
(16. Nf5 Ra2 17. Bc3 Bc8 18. Bxb4 Bxf5 19. Nc6 Qd7 20. Nxe7+ Qxe7 21. dxc5 Rc8
22. Qd4 bxc5 23. Bxc5 Qxe2 24. Rfe1 $14) 16... Bxc5 (16... bxc5 17. Nd3 $16)
17. Nd3 Nxd3 18. Qxd3 Ba6 19. Qf5 (19. Bxf6 Qxf6 20. Nxd5 Qe5 21. Qc3 Qxe2 $13)
(19. Qd2 Ne4 20. Bxe4 dxe4 21. Qc3 f6 22. Rfd1 Qe8) 19... Bxe2 20. Rfe1 (20.
Nxd5 $5 Nxd5 21. Qe5 Nf6 22. Qxe2 Re8 23. Qc2 $14) 20... Bxe3 21. fxe3 Bg4 22.
Qf4 Be6 23. Rc6 Ra2 24. Bd4 (24. Qd4 $142 $36 {^^}) 24... Nd7 25. e4 $1 Nc5 26.
Rd6 Nd3 $1 (26... Qc7 27. Rc1 Rd8 28. Bxg7 $1 {Sokolov,A}) 27. Rxd8 Rxg2+ 28.
Kxg2 Nxf4+ 29. gxf4 Rxd8 30. f5 Bc8 31. exd5 Bb7 32. Bxb6 1/2-1/2

[Event "Olympiad-42"]
[Site "Baku"]
[Date "2016.09.13"]
[Round "11.2"]
[White "Ding, Liren"]
[Black "Nguyen, Ngoc Truong Son"]
[Result "1-0"]
[WhiteElo "2753"]
[BlackElo "2633"]
[Annotator "Szabo,Kr"]
[PlyCount "89"]
[EventDate "2016.09.02"]
[EventType "team-swiss"]
[EventRounds "11"]
[EventCountry "AZE"]
[SourceTitle "CBM 175"]
[Source "ChessBase"]
[SourceDate "2016.11.10"]
[SourceVersion "1"]
[SourceVersionDate "2016.11.10"]
[SourceQuality "1"]
[WhiteTeam "China"]
[BlackTeam "Vietnam"]
[WhiteTeamCountry "CHN"]
[BlackTeamCountry "VIE"]

1. d4 Nf6 2. c4 e6 3. Nf3 b6 4. g3 Bb4+ 5. Bd2 Bxd2+ 6. Qxd2 Bb7 7. Bg2 O-O 8.
O-O Ne4 (8... d6 {is the main line.}) 9. Qc2 f5 10. Nfd2 {A rare, but a
logical continuation. White wants to remove the e4-N, moreover the bishop on
g2 pins the one on b7.} (10. Nc3 {is more common, for example} Nxc3 11. Qxc3 d6
12. Rfd1 Be4 13. Ne1 Qf6 14. Bxe4 fxe4 15. Qe3 Nc6 16. f4 exf3 17. Nxf3 Rae8
$11 {A.Braun-Hoffmann, Nuremberg 2009, with a nearly equal position.}) 10... d5
{Black protects his N, however he weakens the dark squares.} ({Obviously} 10...
Nxd2 $2 {does not work, as} 11. Bxb7 $1 Nxf1 12. Bxa8 $16 {and White is better.
}) ({or} 10... Nd6 11. Bxb7 Nxb7 12. Nc3 $14 {looks comfortable for White.})
11. cxd5 exd5 12. Nc3 Nd7 $2 {This seems a natural developing move, but it is
a mistake!} ({Black should play} 12... Nc6 13. Nf3 Qd7 {with a normal
middlegame.}) ({or} 12... Nxc3 13. Qxc3 {and only now} Nd7 {.}) 13. Ndxe4 $1
dxe4 14. Nb5 $1 {This is the point! White immediately finds his opponent's
weakness. Now Black can't save the c7-P.} Nf6 (14... Rc8 {could have been met
by} 15. Nxa7 $16) ({or} 14... c6 15. Qc4+ Kh8 16. Nd6 $16 {and Black is in
trouble.}) 15. Qxc7 Ba6 ({In the event of} 15... Rf7 16. Qxd8+ Rxd8 17. e3 $14
{and White is a clear P up.}) 16. Qc4+ Qd5 (16... Kh8 17. a4 $16 {is also
better for White.}) 17. Qxd5+ Nxd5 18. a4 Rfc8 19. Rfc1 Bxb5 20. axb5 $16 {
White is a P up; moreover he has gained some space on the queenside. Still his
B is passive on g2, but after e3 he can activate it easily from f1.} Rxc1+ 21.
Rxc1 Rd8 22. e3 Rd7 23. h4 Rc7 24. Rc6 $1 {A strong reply, White keeps the
tension on the c-file.} Kf7 25. g4 $1 {Another great move! White tries to
weaken Black's Ps, because those are fixed on light squares, as is White's B.}
g6 26. Rxc7+ Nxc7 27. gxf5 gxf5 28. Bf1 Kf6 29. Kg2 f4 {Still the best
practical chance, otherwise Kg3.} ({For example} 29... h6 30. Kg3 Ne6 31. Bc4
$18 {and White should be winning.}) 30. Bc4 $1 {White activates his B.} ({
Of course} 30. exf4 $2 {is bad, as} Ne6 {and Black has counterplay.}) 30... Kf5
31. Bg8 Kg6 32. Kh3 h5 33. Bc4 $18 {Now Black's h-P is also fixed on a light
square, so the B simply goes back.} Kf5 34. Bf7 Nxb5 35. Bxh5 {The b5-h5 Ps
exchange is very good for White, because he has a passed h-pawn, moreover the
B is much better when play is on both sides of the board.} fxe3 36. fxe3 Nd6
37. b3 a5 38. Kg3 Nb5 39. Bg4+ Kf6 40. d5 Nd6 41. Kf4 Nb7 42. h5 b5 43. Bd7 b4
44. Bc6 Nc5 45. d6 {A nice technical game by Ding Liren!} 1-0

[Event "Bayern-chI Bank Hofmann 6th"]
[Site "Bad Wiessee"]
[Date "2002.10.29"]
[Round "4"]
[White "Romanishin, Oleg M"]
[Black "Bromberger, Stefan"]
[Result "0-1"]
[WhiteElo "2562"]
[BlackElo "2414"]
[Annotator "Teske,H"]
[PlyCount "70"]
[EventDate "2002.10.26"]
[EventType "swiss"]
[EventRounds "9"]
[EventCountry "GER"]
[SourceTitle "EXT 2003"]
[Source "ChessBase"]
[SourceDate "2002.11.25"]
[SourceVersion "1"]
[SourceVersionDate "2002.11.25"]
[SourceQuality "1"]

1. d4 {Administrator} Nf6 2. Nf3 e6 3. g3 b6 4. Bg2 Bb7 5. c4 c5 $2 {Danach
erlangt Weiß völlige Dominanz im Zentrum. Als Stefan Bromberger noch in der
Wiege lag, opferte man mit Weiß nach 5...Le7 6.0-0 0-0 noch mit 7.d5 exd5 8.
Sh4 c6 9.exd5 Sxd5 10.Sf5 nebst e2-e4 noch einen Bauern, um eine ähnliche
geringere Dominanz im Zentrum und am Königsflügel zu erlangen.} 6. d5 exd5 7.
Nh4 b5 8. cxd5 Qa5+ 9. Nc3 b4 10. Ne4 Nxe4 11. Bxe4 g6 12. O-O Bg7 13. a3 O-O
14. Qb3 d6 15. Bd2 Qb6 16. axb4 cxb4 {[#]} 17. Be3 $4 {Damit wirft Weiß
einzügig seinen gesamten Vorteil weg. Auch einem erfahrenen Großmeister wie
Oleg Romanishin gelingt es in dieser Partie nicht mehr, seine Enttäuschung
über diesen Fehler zu überwinden. Zu lange hängt er dem verpaßten Gewinn nach
und spielt verkrampft weiter. Zu spät realisiert er, daß auch der halbe Punkt
gefährdet ist. Sein zu spätes Remisangebot wird dann auch abschlägig
beschieden.} (17. Qxb4 $16) 17... Bd4 18. Ng2 Nd7 19. Qd1 Bc5 20. Bc2 Nf6 21.
Bxc5 Qxc5 22. e4 Rfe8 23. Re1 Rac8 24. Bd3 Qd4 25. Ne3 Nxe4 26. Bb5 {[#]} Qxb2
27. Re2 (27. Bxe8 Qxf2+ 28. Kh1 Rxe8 $19 {Weiß ist machtlos gegen Se4-c3})
27... Qg7 28. Rxa7 Nc3 29. Qd3 Nxe2+ 30. Qxe2 Rc1+ 31. Kg2 Bxd5+ 32. Nxd5 Rxe2
33. Ra8+ Qf8 34. Rxf8+ Kxf8 35. Bxe2 b3 0-1